Production Handbook

Enregistré dans:
Détails bibliographiques
Auteur principal: White, John A.
Format: Livre
Langue:anglais
Publié: New York Wiley 1987
Édition:4. ed.
Tags: Ajouter un tag
Pas de tags, Soyez le premier à ajouter un tag!

MARC

LEADER 00000nam a2200000 4500
001 c028667
005 20221206140310.5
041 0 |a eng 
044 |a US 
245 1 0 |a Production Handbook  |c John A. White 
250 |a 4. ed. 
264 1 |a New York  |b Wiley  |c 1987 
300 |a Prer. s. 
100 1 |a White, John A.